| 000 | 00585nam a22001937a 4500 | ||
|---|---|---|---|
| 003 | BUBTL | ||
| 008 | 170522b xxu||||| |||| 00| 0 eng d | ||
| 020 | _a978-84569-698-6 | ||
| 082 | _a677KOH | ||
| 100 |
_91205 _aKozlowski,Ryszard M. |
||
| 245 |
_aHandbook Of Natural Fibres(Vol-2) _bProcessing and Applications |
||
| 260 |
_aOxford _bWoodhead Publishing _cc2012 |
||
| 300 |
_a[xxiii],516p. _bills. _c21cm. |
||
| 650 | 0 |
_9909 _aTextile Engineering |
|
| 700 |
_91206 _aKozlowski,Ryszard M. |
||
| 856 |
_k0 _l0 _yDownload |
||
| 942 |
_2ddc _cBK |
||
| 999 |
_c5453 _d5453 |
||